000 00758nam a2200229Ia 4500
003 GCL
008 140319s9999 xx 000 0 ara d
020 _a0684844092
040 _aGCL /
_cGCL
082 0 4 _a613.7046
_bب ى
100 1 _aمركز التعريب والترجمة
245 1 0 _aاليوجا تمارين بسيطة /
_cمركز التعريب والترجمة
700 1 _aبيل ، روسامند
250 _aالاولى
260 _aبيروت :
_bالدار العربية للعلوم ،
_c1999
300 _a109 ص ؛
_c24 سم
650 0 4 _aالتدريب الرياضى
650 0 4 _aاليوجا
650 0 4 _aاليوجا - الاستجدام العلاجى
650 0 4 _aاليوجا - تدريب
942 _2ddc
_cBK
999 _c56973
_d56973